000 00840nam a2200241 4500
003 OSt
005 20221117145754.0
008 221117b |||||||| |||| 00| 0 eng d
020 _a978 85 99501 15 3
040 _cBiblioteca Lado V
082 _a700.74
_bE74t
100 _aEscobar, Ticio
_9385
_eautor
245 _aTres Fronteiras/
_b6 Bienal do Mercosul/
260 _aBrasil
_bFundación Bienal de Mercosul
_c2007
300 _a159p.
_c18x21xcm
_bill
650 _2Tesauro de Arte & Arquitectura
_aARTE CONTEMPORANEO
650 _2Tesauro de Arte & Arquitectura
_aPAISAJE
650 _2Tesauro de Arte & Arquitectura
_aARTE VISUAL
650 _2Tesauro de Arte & Arquitectura
_aBIENAL
650 _2Bienal do Mercosul
_aBRASIL
700 _aPerez-Barreiro, Gabriel
_eautor
_9454
942 _2ddc
_c1
_h700.74
_iE74t
999 _c2676
_d2676